000 00723nam a2200253Ia 4500
003 OSt
005 20221006160530.0
006 a|||||r|||| 00| 0
007 ta
008 221006b |||||||| |||| 00| 0 eng d
020 _a9780520076884
_c
_30.56
024 _a45,416
037 _cTextual
040 _aEASL
_cEASL
_beng
041 _2eng
_aeng
082 _aX8(A):51.42.N91, N2
100 _aGERLACH Michael L
245 0 _aAlliance capitalism
_b social organization of japanese business
260 _aBerkeley
_bUniversity of california press
_c1992
300 _a374p.
_ccm.
490 _v JEL
942 _hX8(A):51.42.N91, N2
_cTEXL
_2CC
999 _c1113508
_d1113508